Finanzas e Información. Un Estudio de Intereses Convergentes /

Kaydedildi:
Detaylı Bibliyografya
Yazar: Hamelink, Cees (autor)
Materyal Türü: Kitap
Dil:İspanyolca
Baskı/Yayın Bilgisi: México : Nueva Imagen, 1984
Konular:
Etiketler: Etiketle
Etiket eklenmemiş, İlk siz ekleyin!

MARC

LEADER 00000nam^a2200000^a^4500
001 000019037
005 20250521000000.0
009 20260310084242.533
037 |a Acervo ITESO - Biblioteca 
041 |a ESP 
082 |a 025. 11  |b HAM 
100 |a Hamelink, Cees  |e (autor) 
245 1 0 |a Finanzas e Información. Un Estudio de Intereses Convergentes /  |c C. Hamelink. 
264 1 |a México :  |b Nueva Imagen,  |c 1984 
300 |a 217 p. 
336 |a texto  |b txt  |2 rdacontenido 
337 |a sin mediación  |b n  |2 rdamedio 
338 |a volumen  |b nc  |2 rdasoporte 
649 |a XX 
650 |a Información Financiera 
910 |a Fondo General 
920 |a Impresos - Libros 
930 |a Colección General 
905 |a 101 
901 |a 0190370100  |b IT1  |c ACC  |i 019037  |u 20250521 
902 |a https://opac.biblio.iteso.mx/vufind/Record/000019037